| 000 | 00560nam a2200193Ia 4500 | ||
|---|---|---|---|
| 003 | IN-BaIIA | ||
| 008 | 211028s9999 xx 000 0 eng d | ||
| 020 | _a90-277-2734-1 | ||
| 040 | _cIIA Library | ||
| 080 |
_a063:52 _bIAU-T20A |
||
| 245 | 0 |
_aReports on astronomy _cedited by J. P. Swings |
|
| 260 |
_aDordrecht _bKluwer Academic _c1988 |
||
| 300 | _aviii, 708p. | ||
| 490 | _aTransactions of the IAU; vol. XXA | ||
| 650 | _aAstronomy and Astrophysics Thesaurus | ||
| 650 |
_aIAU Transactions _95483 |
||
| 700 |
_aSwings, J. P. ed. _913515 |
||
| 942 | _cBK | ||
| 999 |
_c9530 _d9530 |
||